Central Library OPAC University of Rajshahi

Double-entry book-keeping / (Record no. 63967)

MARC details
000 -LEADER
fixed length control field 00662nam a2200229 a 4500
001 - CONTROL NUMBER
control field 63967
003 - CONTROL NUMBER IDENTIFIER
rucl marc code BD-RjUL
005 - DATE AND TIME OF LATEST TRANSACTION
control field 20211209081246.0
008 - FIXED-LENGTH DATA ELEMENTS--GENERAL INFORMATION
fixed length control field 170206s1956 enka 001 0
035 ## - SYSTEM CONTROL NUMBER
System control number (BD-RjUL)64097
040 ## - CATALOGING SOURCE
Original cataloging agency BD-RjUL
Language of cataloging eng
Transcribing agency BD-RjUL
041 ## - LANGUAGE CODE
Language code of text/sound track or separate title eng
082 ## - DEWEY DECIMAL CLASSIFICATION NUMBER
Edition number 23
Classification number 657.2
Author mark and year BAD 1956
100 1# - MAIN ENTRY--PERSONAL NAME
Personal name Batliboi, Jamshed R.
Fuller form of name (Jamshed Rustomji)
9 (RLIN) 189956
245 10 - TITLE STATEMENT
Title Double-entry book-keeping /
Statement of responsibility, etc. Jamshed R Batliboi
250 ## - EDITION STATEMENT
Edition statement 16th ed.
260 ## - PUBLICATION, DISTRIBUTION, ETC. (IMPRINT)
Place of publication, distribution, etc. Bombay :
Name of publisher, distributor, etc. Standard accountancy publications,
Date of publication, distribution, etc. 1956
300 ## - PHYSICAL DESCRIPTION
Pagination xxiii, 530 p. :
Illustrations ill. ;
Size 23 cm.
500 ## - GENERAL NOTE
General note Includes index.
650 ## - SUBJECT ADDED ENTRY--TOPICAL TERM
Topical term or geographic name as entry element Bookkeeping
9 (RLIN) 182506
942 ## - ADDED ENTRY ELEMENTS (KOHA)
Source of classification or shelving scheme Dewey Decimal Classification
Koha item type Books
Holdings
Lost status Source of classification or shelving scheme Damaged status Not for loan Collection code Permanent Location Current Location Shelving location Date acquired Source of acquisition Cost, normal purchase price Total Checkouts Full call number Date last seen Copy number Koha item type
  Dewey Decimal Classification   Not For Loan Non-fiction Central Library, University of Rajshahi Central Library, University of Rajshahi Reading Room 07/02/1959 Pak. American Commercial 9.14   657.2 BAD 1956 06/02/2017 C-1 Books
  Dewey Decimal Classification     Non-fiction Central Library, University of Rajshahi Central Library, University of Rajshahi   07/02/1959 Pak. Co-operative 9.14   657.2 BAD 1956 02/04/2019 C-2 Books
  Dewey Decimal Classification     Non-fiction Central Library, University of Rajshahi Central Library, University of Rajshahi   07/02/1959 Pak. Co-operative 9.14   657.2 BAD 1956 02/04/2019 C-3 Books